| 000 | 00554nam a22001937a 4500 | ||
|---|---|---|---|
| 005 | 20240710114956.0 | ||
| 008 | 240710b |||||||| |||| 00| 0 eng d | ||
| 020 | _a9780071441988 | ||
| 082 |
_a614.44 _bPUB |
||
| 245 |
_aPublic Health & Preventive Medicine / _cRobert B. Wallance, Neal Kohatsu |
||
| 250 | _a15th ed. | ||
| 260 |
_aUSA; _bLibrary of congress ; _c2008 |
||
| 300 |
_axxvi,1367p. _bill; _c28 cm. |
||
| 500 | _ainclude index . | ||
| 650 | _aMedical / Medicine | ||
| 700 | _aRobert B. Wallance, | ||
| 700 | _aNeal Kohatsu | ||
| 999 |
_c36104 _d36104 |
||